The God that limps : science and technology in the eighties /

Bibliographic Details
Main Author: Norman, Colin, 1946-
Format: Book
Language:English
Published: New York : Norton, [1981]
Edition:1st ed.
Subjects:

MARC

Tag First Indicator Second Indicator Subfields
LEADER 00000pam a2200000 a 4500
001 in00000069754
005 20151008054548.0
008 810417s1981 nyu b 00110 eng
010 |a  81038328  
020 |a 0393015041 
035 |a (OCoLC)07464764 
035 |9 AAJ1027AM 
039 0 |a 2  |b 3  |c 3  |d 3  |e 3 
040 |a DLC  |c DLC  |d TXA  |d UtOrBLW 
049 |a TXAM  |c [951754] 
050 0 0 |a T14.5  |b .N67 1981 
082 0 |a 306/.4  |2 19 
100 1 |a Norman, Colin,  |d 1946- 
245 1 4 |a The God that limps :  |b science and technology in the eighties /  |c Colin Norman. 
250 |a 1st ed. 
264 1 |a New York :  |b Norton,  |c [1981] 
264 4 |c ©1981 
300 |a 224 pages ;  |c 21 cm. 
336 |a text  |b txt  |2 rdacontent 
337 |a unmediated  |b n  |2 rdamedia 
338 |a volume  |b nc  |2 rdacarrier 
500 |a "A Worldwatch Institute book." 
504 |a Includes bibliographical references and index. 
650 0 |a Technology  |x Social aspects. 
999 |a MARS 
999 f f |s 8eef1866-66a9-386c-8dff-29ae28873469  |i 1ca31099-df54-38ab-b550-dfe2718194f8  |t 0 
952 f f |p ric  |a Texas A&M University  |b Rellis Campus  |c Joint Library Facility  |d Remote Storage  |t 0  |e T14.5 .N67 1981  |h Library of Congress classification  |i unmediated -- volume  |m A14818177371 
998 f f |a T14.5 .N67 1981  |t 0  |l Remote Storage